| 000 | 00590nam a2200205Ia 4500 | ||
|---|---|---|---|
| 005 | 20250508153437.0 | ||
| 008 | 008 250505s9999 xx 000 0 eng d | ||
| 037 | _aBooks to be hide in OPAC | ||
| 040 |
_aFEDL _beng _cFEDL |
||
| 041 |
_aeng _2eng |
||
| 084 |
_a362.795, NEI/O _qFEDL |
||
| 100 |
_aNeisser Edith G _9764026 |
||
| 245 | 0 | _aYour children and their gangs | |
| 245 | 0 | _cU S Department of Health Education, and Welfare | |
| 260 | _c1960 | ||
| 300 | _a34p. | ||
| 700 |
_a Ridenour Nina _9764027 |
||
| 942 |
_cHB _h362.795, NEI/O |
||
| 999 |
_c1342920 _d1342920 |
||